| 000 | 00488nam a22002057a 4500 | ||
|---|---|---|---|
| 999 |
_c458825 _d458825 |
||
| 001 | 5150529 | ||
| 003 | UA-OsUOA | ||
| 005 | 20200413105633.0 | ||
| 008 | 200413b un ||||| |||| 00| 0 ukr d | ||
| 040 |
_aUA-OsUOA _bukr _cUA-OsUOA _dUA-OsUOA |
||
| 041 | _aukr | ||
| 080 | _a821.161.1 | ||
| 090 |
_a821.161.1 _bГ58 |
||
| 245 | _aГоворят погибшие герои | ||
| 260 |
_aМосква _c1975 |
||
| 300 | _a510 с. | ||
| 650 | _2821 | ||
| 942 |
_2udc _cBK |
||
| 955 | _a3 | ||